[Event "Corus"]
[Site "Wijk aan Zee"]
[Date "2005.01.21"]
[Round "6"]
[White "Morozevich, Alexander"]
[Black "Bruzon Batista, Lazaro"]
[Result "0-1"]
[WhiteElo "2741"]
[BlackElo "2652"]
[Annotator "Huzman,A"]
[PlyCount "138"]
[EventDate "2005.01.15"]
[EventType "tourn"]
[EventRounds "13"]
[EventCountry "NED"]
[EventCategory "19"]
[SourceTitle "CBM 105"]
[Source "ChessBase"]
[SourceDate "2005.04.11"]
[SourceVersion "1"]
[SourceVersionDate "2005.04.11"]
[SourceQuality "1"]

1. e4 e5 2. Nf3 Nf6 3. Nxe5 d6 4. Nf3 Nxe4 5. d4 d5 6. Bd3 Be7 7. O-O Bf5 8.
Re1 Nc6 9. c4 Nb4 10. Bf1 O-O 11. a3 Nc6 12. cxd5 Qxd5 13. Nc3 Nxc3 14. bxc3
Bf6 15. Bf4 Qd7 (15... Rac8 16. Rc1 (16. Re3 Na5 17. Ne5 c5 18. g4 Bg6 19. Bg2
Qd8 20. dxc5 Bxe5 21. Rxe5 Qf6 22. Bg3 Nc4 23. g5 Qa6 24. Re7 $16 {1-0 Tal,
M-Garcia Gonzales,G/Jurmala 1983/MCD (29)}) (16. Ne5 Nxe5 17. Bxe5 Bd8 18. Qa4
a6 19. c4 Qd7 20. Qxd7 Bxd7 21. Rab1 $14 {1/2-1/2 Yudasin,L-Cherepkov,A/
Leningrad 1984/MCL (23)}) 16... Rfd8 17. h3 h6 18. g4 Bg6 19. Bg2 Qd7 20. d5
Na5 21. c4 b6 22. Be5 $14 {1-0 Anand,V-Karpov,A/Frankfurt 1999/CBM 72 (45)}) (
15... Qa5 16. Qb3 Rab8 17. Rad1 Bg4 18. d5 $36 {1-0 Turov,M-Akimov,I/Bor 2000/
EXT 2001 (39)}) (15... Rfe8 16. Bxc7 Rxe1 17. Qxe1 Rc8 18. Bg3 Na5 $44 {
0-1 Shomoev,A-Zarnicki,P/playchess.com INT 2004 (61)}) 16. Nd2 (16. Ra2 Rad8 (
16... Rae8 17. Rae2 Rxe2 18. Qxe2 Na5 (18... Be6 19. Ng5 Bxg5 20. Bxg5 h6 21.
Bc1 a6 22. Qf3 b5 23. Qg3 $36 {1-0 Herrera,I-Perez,R/Las Tunas 2001/CBM 83/
[Huzman] (41)}) 19. Ne5 Qa4 20. g4 (20. Qb2 c5 21. Bb5 Qb3 22. Qxb3 Nxb3 23. d5
Rd8 24. d6 Be6 25. Rd1 a6 26. Be2 $14 {1-0 Ernst,T-Lev,R/London 1987/TD (39)})
20... Be6 21. g5 Bxe5 22. Qxe5 c6 23. Qc7 b6 24. Rxe6 fxe6 25. Be5 $18 {
1-0 Korneev,O-Perez,R/Albacete 2000/CBM 78 ext (28)}) 17. Rb2 Qc8 18. h3 b6 (
18... Na5 $5 {[%cal Yc7c5]}) 19. Rbe2 h6 20. Re3 Na5 21. Be5 Bxe5 22. Nxe5 $16
{1-0 Anand,V-Polgar,J/Mainz 2003/CBM 97/[Huzman] (41)}) (16. Bb5 a6 17. Ne5
Bxe5 18. Bxc6 Qxc6 19. Rxe5 Qd7 20. Qf3 f6 21. Re3 {1/2-1/2 Wedberg,T-Van der
Sterren,P/Copenhagen 1984/EXT 2000 (21)}) (16. Bg5 Bxg5 17. Nxg5 Rae8 18. Qb3
Na5 19. Qb4 b6 20. Nf3 f6 $11 {Glek,I-Antonov,V/USSR 1984/Inf 38 (20)}) 16...
Ne7 {[%cal Yc7c5]} 17. Qf3 (17. Ne4 Bxe4 18. Rxe4 Nd5 19. Bd2 c5 $132) 17... c6
(17... c5 $6 18. dxc5 Ng6 19. Bd6 $16) (17... Nd5 18. Be5 Bg4 19. Qg3 Rfe8 20.
Ne4 $36) 18. Nc4 {[%cal Gc4e5,Gc4d6]} Ng6 19. Bg3 Bg4 20. Qd3 Bf5 (20... Rad8
$5 {[%cal Yc6c5]} 21. Ne3 Be6 $11) 21. Qd2 Be6 22. a4 Rfd8 23. Rab1 b6 (23...
c5 24. Nd6 cxd4 25. cxd4 Bd5 26. a5 $14) 24. Bd3 Bf5 (24... c5 $5 25. Nd6 cxd4
(25... Qxa4 26. Rxe6 $1 fxe6 27. Bb5 Qa5 28. Nc4 (28. Qe1 Rxd6 29. Bxd6 $16)
28... Rxd4 29. cxd4 Qxd2 30. Nxd2 Bxd4 31. Nf3 $16) 26. cxd4 Qxa4 27. d5 $1 Bd7
28. Re4 Qa3 29. Qe3 $44) 25. Nd6 Bxd3 26. Qxd3 Be7 27. Nf5 $36 Bf8 28. Re3 Ne7
29. Nxe7+ Bxe7 30. Rbe1 Bf8 $11 {Black equalised the position by accurate play.
} 31. Be5 Re8 (31... c5 32. Rh3 h6 33. Qg3 $36) 32. h3 Rad8 33. Bg3 Rxe3 (33...
c5 $5) 34. fxe3 Bd6 (34... c5 $5 $11) 35. Bh4 Be7 36. Bf2 f5 $6 {This move
leads to the weakening position of Kg8.} (36... c5 $5 37. Qb5 Qc7 38. e4 Qf4
$132 {[%cal Ye7h4]}) 37. Bg3 Bf6 38. Rf1 g6 39. e4 fxe4 40. Qxe4 Bg7 41. Re1
$14 {[%cal Ge4e7]} Qd5 $2 (41... c5 $5 42. dxc5 bxc5 43. Bh4 Rf8 44. Qc4+ Qf7
45. Qxc5 Qb3 $132) (41... Bf6 $5) 42. Qe7 Rf8 (42... Qd7 43. Bh4 Qxe7 44. Rxe7
$16) 43. Qxa7 Qc4 (43... Qb3 $5 44. Kh2 Qxc3 45. Qxb6 Bxd4 46. Qc7 $36 {- game.
}) 44. Qxb6 Qxc3 45. Kh2 Bxd4 46. Qc7 $16 {The weak position of the Kg8 and
the dangerous passed pawn a4 give White a clear advantage.} Rf7 47. Re8+ Kg7
48. Re7 $1 Rxe7 49. Qxe7+ Kg8 50. Qd8+ Kf7 51. Qc7+ Ke6 $2 (51... Kg8 52. a5
Qa1 $132) 52. a5 h5 53. a6 h4 (53... Qc5 $142 54. Qh7 Bg1+ 55. Kh1 Qc1 56.
Qxg6+ Ke7 57. Qg7+ Ke6 58. Qe5+ Kd7 59. Qe1 $16) 54. Qd6+ Kf7 (54... Kf5 55.
Qd7+ Kg5 56. Qg4+ $18) 55. Qf4+ Kg7 56. Qxh4 $4 {[%mdl 8192]} (56. Qc7+ Kg8 57.
Qd8+ Kf7 58. Qd7+ Kg8 59. Qe8+ Kg7 60. Qe7+ Kg8 61. Qxh4 Qe3 62. Qd8+ Kf7 63.
Qc7+ Kg8 64. h4 Qg1+ 65. Kh3 Qh1+ 66. Bh2 $18) 56... Qe3 $19 57. Bf2 Qxf2 58.
Qxf2 Bxf2 59. g3 Kf6 60. Kg2 Ba7 61. Kf3 Ke5 62. Ke2 Ke4 63. h4 Bb6 64. g4 Kf4
65. h5 gxh5 66. gxh5 Kg5 67. Kd3 Kxh5 68. Ke4 c5 69. Kd5 Ba7 0-1

[Event "Corus"]
[Site "Wijk aan Zee"]
[Date "2005.01.25"]
[Round "9"]
[White "Ponomariov, Ruslan"]
[Black "Adams, Michael"]
[Result "1/2-1/2"]
[WhiteElo "2700"]
[BlackElo "2741"]
[Annotator "Huzman,A"]
[PlyCount "82"]
[EventDate "2005.01.15"]
[EventType "tourn"]
[EventRounds "13"]
[EventCountry "NED"]
[EventCategory "19"]
[SourceTitle "CBM 105"]
[Source "ChessBase"]
[SourceDate "2005.04.11"]
[SourceVersion "1"]
[SourceVersionDate "2005.04.11"]
[SourceQuality "1"]

1. e4 e5 2. Nf3 Nf6 3. Nxe5 d6 4. Nf3 Nxe4 5. d4 d5 6. Bd3 Nc6 7. O-O Be7 8.
Re1 Bg4 9. c3 f5 10. Qb3 O-O 11. Nbd2 Na5 12. Qc2 Nc6 13. b4 a6 (13... Bd6 14.
b5 Ne7 (14... Nxd2 15. Nxd2 Ne7 16. Nf1 h6 17. f3 Bh5 18. Ng3 Bg6 19. Ne2 Qd7
20. Bf4 Rae8 21. Be5 $14 {1-0 Cheparinov,I-Gomez Esteban,J/Elgoibar ESP 2004/
(40)}) 15. Ne5 Bxe5 16. dxe5 Nc5 17. Nb3 Nxd3 18. Qxd3 f4 19. Qd4 Ng6 20. Nc5
Nh4 21. Bxf4 Nxg2 $1 22. Bg3 (22. Kxg2 Qh4 23. Qe3 Rxf4 $17) 22... Nxe1 $17 {
1/2-1/2 Arakhamia Grant,K-Engedal,K/Stockholm 1994/EXT 2000 (34)}) 14. a4 (14.
Ne5 $5 Nxe5 15. dxe5 Bh4 16. Rf1 Bxf2+ 17. Rxf2 Nxf2 18. Kxf2 Qh4+ 19. Kg1 Qe1+
(19... Rae8 20. Bb2 Rxe5 21. c4 Re1+ 22. Nf1 $14) 20. Nf1 $14 {1-0 Karjakin,
S-Vasilevich,T/playchess.com INT 2004 (35)}) 14... Bd6 15. Ba3 (15. h3 Bh5 16.
Ba3 Nxd2 17. Nxd2 Ne7 18. Be2 Bxe2 19. Rxe2 Ng6 $11 {1-0 Citak,S-Moen,A/Izmir
TUR 2004/(39)}) 15... Kh8 (15... Rf6 16. b5 Nxd2 17. Qxd2 Bxf3 18. bxc6 Rg6 19.
g3 bxc6 20. Bxd6 (20. Bxf5 Rf6 21. Qd3 Bxa3 22. Rxa3 Qf8 23. Bxh7+ Kh8 24. Ra2
Qf7 $17 {1/2-1/2 Morozevich,A-Shirov,A/Monaco 2002/CBM 87 ext (36)}) 20... cxd6
(20... Qxd6 $142) 21. Bxf5 Rf6 22. Qd3 g6 23. Qxf3 Rxf5 24. Qe2 $14 {0-1
Morozevich,A-Karpov,A/Prague 2002/CBM 89/[Huzman] (97)}) (15... Qf6 16. b5 axb5
17. Bxd6 cxd6 18. axb5 Na5 19. b6 Rfc8 20. Qb2 $14 {1/2-1/2 Amonatov,F-Turov,M/
St Petersburg 2003/EXT 2004 (20)}) 16. b5 axb5 17. Bxd6 cxd6 18. axb5 (18. Bxb5
$5 Na5 19. Rac1 Rc8 20. Qb2 Qb6 21. Qb4 Bxf3 22. Nxf3 Rc7 23. Rc2 Rfc8 24. Rec1
Nc4 25. Ne1 $14 {1-0 Santo Roman,M-Koch,J/Belfort FRA 2004/(45)}) 18... Na5 19.
h3 Bh5 20. Nh2 (20. Ra3 b6 21. Qa2 Qc7 $11) 20... Rc8 21. Ra3 b6 22. Ndf1 {
[%cal Gf2f3] White is ready to drive away the Ne4 by the move f3.} f4 $1 {
This move is a strong positional pawn sacrifice.} 23. f3 ({In case of
accepting the sacrifice Black receives good compensation exploiting the weak
light squares in White's position and the passivity of White's knights.} 23.
Bxe4 dxe4 24. Qxe4 Re8 25. Qb1 Qd7 $44) 23... Qh4 24. Re2 Ng3 (24... Rfe8 $5)
25. Nxg3 fxg3 26. Nf1 Bxf3 $1 {[%mdl 512]} 27. gxf3 Rxf3 28. Nd2 $2 {After
this mistake Black receives good winning chances.} ({The correctness of
Black's sacrifice had to be proven after the best defence of White.} 28. Rg2
Rcf8 {[%cal Yf3f2]} 29. Ra2 Rf2 (29... Nc4 30. Be2 $16) 30. Qd1 (30. Rxf2 gxf2+
31. Kg2 Qg5+ 32. Ng3 Nc4 $40) 30... R2f3 31. Be2 Rxc3 $13) 28... Rf2 $1 29.
Rxf2 gxf2+ 30. Kg2 Qg5+ $1 31. Kxf2 Rf8+ 32. Nf3 Qf4 33. Qe2 (33. Be2 Qh2+ 34.
Ke1 Rxf3 $19) 33... Qh2+ 34. Ke1 Qg3+ 35. Qf2 Rxf3 $17 36. Qxg3 Rxg3 37. Bf1 h5
38. Kd2 $2 (38. Kf2 h4 $17) 38... Rf3 $2 (38... Rxh3 $1 39. Rxa5 Rh2+ 40. Be2
bxa5 41. b6 Rf2 $19) 39. Ke2 Rg3 40. Kd2 Rf3 41. Ke2 Rg3 1/2-1/2

[Event "Corus"]
[Site "Wijk aan Zee"]
[Date "2005.01.25"]
[Round "9"]
[White "Topalov, Veselin"]
[Black "Anand, Viswanathan"]
[Result "1/2-1/2"]
[WhiteElo "2757"]
[BlackElo "2786"]
[Annotator "Huzman,A"]
[PlyCount "49"]
[EventDate "2005.01.15"]
[EventType "tourn"]
[EventRounds "13"]
[EventCountry "NED"]
[EventCategory "19"]
[SourceTitle "CBM 105"]
[Source "ChessBase"]
[SourceDate "2005.04.11"]
[SourceVersion "1"]
[SourceVersionDate "2005.04.11"]
[SourceQuality "1"]

1. e4 e5 2. Nf3 Nf6 3. Nxe5 d6 4. Nf3 Nxe4 5. d4 d5 6. Bd3 Nc6 7. O-O Be7 8. c4
Nb4 9. Be2 O-O 10. Nc3 Bf5 11. a3 Nxc3 12. bxc3 Nc6 13. Re1 Re8 14. Be3 Bf6 (
14... a6 15. cxd5 Qxd5 16. c4 Qe4 17. Ra2 Bf6 18. Rd2 Rad8 19. h3 Qe7 20. g4
$16 {[%csl Rf6] 1-0 Rizouk,A-Angulo Martinez,J/Erandio ESP 2004/(33)}) 15. Nd2
Na5 $1 16. cxd5 Qxd5 17. Qa4 ({White is not in time to seize the centre by} 17.
c4 Qd7 18. Nf3 {because Black immediately destroys the pawn pair c4-d4 by} c5
$15) 17... Bd7 18. Qb4 (18. Bf3 Bxa4 19. Bxd5 Rad8 $11) 18... Be7 19. Qb2 Bc6
20. Bf3 Qd7 $11 21. Qa2 Rad8 22. a4 b6 23. h3 Bxf3 24. Nxf3 Qd5 25. Qxd5
1/2-1/2

[Event "Corus"]
[Site "Wijk aan Zee"]
[Date "2005.01.28"]
[Round "11"]
[White "Polgar, Judit"]
[Black "Anand, Viswanathan"]
[Result "1/2-1/2"]
[WhiteElo "2728"]
[BlackElo "2786"]
[Annotator "Huzman,A"]
[PlyCount "75"]
[EventDate "2005.01.15"]
[EventType "tourn"]
[EventRounds "13"]
[EventCountry "NED"]
[EventCategory "19"]
[SourceTitle "CBM 105"]
[Source "ChessBase"]
[SourceDate "2005.04.11"]
[SourceVersion "1"]
[SourceVersionDate "2005.04.11"]
[SourceQuality "1"]

1. e4 e5 2. Nf3 Nf6 3. Nxe5 d6 4. Nf3 Nxe4 5. d4 d5 6. Bd3 Nc6 7. O-O Be7 8. c4
Nb4 9. Be2 O-O 10. a3 Nc6 11. Nc3 Nxc3 12. bxc3 Bf5 13. Re1 Re8 14. cxd5 Qxd5
15. Bf4 Rac8 16. Bd3 Qd7 17. Rb1 Bxd3 18. Qxd3 b6 19. d5 Bf6 (19... Bxa3 20.
Ng5 $1 g6 21. Ne4 Be7 22. Rbd1 Na5 23. Bh6 $44) 20. c4 h6 (20... Ne7 21. Be5 (
21. Ne5 $5 Bxe5 22. Bxe5 $14) 21... Qf5 22. Qxf5 Nxf5 23. Bxc7 Be7 24. Bg3 f6
25. a4 Kf7 26. a5 Rxc4 27. axb6 axb6 28. Rxb6 Rd8 $11 {1/2-1/2 Sebag,M-Roussel
Roozmon,T/Bois Colombes FRA 2004/(41)}) 21. h4 (21. h3 Re7 (21... Rxe1+ 22.
Rxe1 Ne7 23. Ne5 Bxe5 24. Bxe5 Nf5 25. Bb2 Rf8 26. Re5 Nd6 27. Qg3 f6 28. Re6
Rf7 $14 {1/2-1/2 Akopian,V-Gelfand,B/Calvia de Mallorca ESP 2004/(36)}) 22.
Rbd1 Rd8 23. Rxe7 Nxe7 24. Ne5 Bxe5 25. Bxe5 $14 {[%csl Rc7] 1-0 Leko,P-Anand,
V/Linares 2003/CBM 94/(65)}) 21... Ne7 (21... Rxe1+ 22. Rxe1 Ne7 23. Be5 Qf5
24. Qd4 Ng6 25. Bxf6 Qxf6 26. Qxf6 gxf6 27. h5 Nf4 28. Nd4 Kf8 29. Re4 Nxh5 30.
Rh4 Ng7 31. Rxh6 $16 {1-0 Leitao,R-Coelho,L/Sao Paulo BRA 2005/(52)}) 22. Rbd1
(22. Be5 Bxe5 23. Nxe5 Qd6 24. Qf3 f6 25. Ng4 Ng6 26. h5 Ne5 $11) (22. Ne5 Bxe5
23. Bxe5 Ng6 24. Bg3 Qg4 $132) (22. h5 $5 {This move looks like a logical
development of the idea of the previous Whites move.} b5 23. cxb5 (23. Rxb5 c6
$11) 23... Qxd5 24. Qxd5 Nxd5 25. Be5 Ra8 $1 26. Rbc1 Bxe5 27. Rxe5 Rxe5 28.
Nxe5 a6 $11 {1/2-1/2 Nisipeanu,L-Landa,K/Muelheim Nord GER 2005/(31)}) 22...
Ng6 23. Bg3 h5 24. Rc1 $1 {[%cal Gc4c5]} Bb2 25. Rxe8+ Rxe8 26. Rc2 Bf6 27. c5
bxc5 (27... Ne7 28. cxb6 cxb6 29. d6 Rd8 30. Nd2 $1 Qe6 31. Ne4 $36) 28. Rxc5
Ne5 29. Qb5 ({White misses the tactical chance to get an advantage} 29. Bxe5 $1
Bxe5 30. Ra5 $1 Qd6 $5 (30... c6 31. Rc5 $1 $16) (30... Bd6 31. Rxa7 Bc5 32.
Ra6 Rd8 33. Ng5 $36) 31. Qb5 (31. Rxa7 Qc5 32. Rb7 Qc1+ 33. Qf1 Qxa3 34. Nxe5
Rxe5 $11) 31... Rd8 32. Rxa7 Qxd5 (32... Bf4 33. Ra4 Bc1 34. Qd3 $16) 33. Qxd5
Rxd5 34. Nxe5 Rxe5 35. Rxc7 Ra5 36. Rc3 Ra4 37. g3 f6 $14) 29... Qxb5 30. Rxb5
Nxf3+ 31. gxf3 Be5 32. Ra5 Bd6 $1 33. Rxa7 Re1+ 34. Kg2 Rd1 {[%csl Rd5]} 35.
Ra5 Kh7 36. a4 Rd4 37. Kf1 f5 $11 38. Bxd6 (38. Bxd6 cxd6 39. Kg2 Rxh4 40. Ra6
$11) 1/2-1/2

[Event "Asia-ch 4th"]
[Site "Doha"]
[Date "2003.02.22"]
[Round "1"]
[White "Sadvakasov, Darmen"]
[Black "Aliev, Kerim"]
[Result "1-0"]
[WhiteElo "2523"]
[BlackElo "2317"]
[Annotator "Huzman,A"]
[PlyCount "67"]
[EventDate "2003.02.22"]
[EventType "swiss"]
[EventRounds "9"]
[EventCountry "QAT"]
[SourceTitle "CBM 094"]
[Source "ChessBase"]
[SourceDate "2003.05.26"]
[SourceVersion "1"]
[SourceVersionDate "2003.05.26"]
[SourceQuality "1"]

1. e4 e5 2. Nf3 Nf6 3. Nxe5 d6 4. Nf3 Nxe4 5. d4 d5 6. Bd3 Be7 7. O-O O-O 8. c4
Nc6 9. Nc3 Nxc3 10. bxc3 Be6 11. cxd5 Bxd5 12. Nd2 {[%cal Gc3c4,Gd4d5,Gd2e4]} (
12. Bf4 Bd6 (12... Re8 13. Re1 g6 14. Nd2 f5 15. Nc4 Bf7 16. Rb1 b6 17. Qf3 Qd7
18. Ne3 Na5 19. g4 $1 $16 {1/2-1/2 Vainerman,I-Moskalenko,V/Kiev 1986/EXT 97 
(49)}) 13. Bxd6 Qxd6 14. Ng5 f5 15. c4 Bxg2 16. Kxg2 Qg6 17. f4 h6 18. d5 Nd8
19. h4 hxg5 20. hxg5 Nf7 21. Qf3 Nh6 22. Qg3 $16 {1/2-1/2 Loewenthal,J-Morphy,
P/London 1858/EXT 2002 (44)}) 12... Be6 (12... f5 13. Bb2 Qd7 14. c4 Bf7 15. d5
$36) 13. Re1 Qd7 (13... Re8 14. Ne4 Qd7 15. Qh5 g6 16. Qh6 f5 17. Ng5 Bf8 18.
Qh4 Bd5 $132) 14. Ne4 Rad8 15. Qh5 g6 (15... h6 $5 16. Bxh6 $140 $2 (16. h3
Nxd4 17. Bxh6 (17. cxd4 Qxd4 18. Bxh6 Qxd3 $17) 17... Nf5 $1 18. Bxg7 Kxg7 19.
Qg4+ Kh8 20. Qh5+ $11) (16. Nc5 Bxc5 17. Qxc5 b6 18. Qh5 Nxd4 (18... Rfe8 19.
Bxh6 gxh6 20. Qxh6 f5 21. Re3 f4 22. Qxf4 $18) 19. Ba3 Nf3+ 20. Qxf3 Qxd3 21.
Re3 Qd5 22. Qxd5 Rxd5 23. Bxf8 Kxf8 $14) 16... Bg4 $19) 16. Qh6 Bf5 $6 (16...
f6 $142 17. Rb1 (17. Bf4 Bd5 $14) 17... Na5 (17... b6 $2 18. Rb2 $36 {[%cal
Gb2e2]} Rde8 19. Bb5 $1 (19. Rbe2 Nd8) 19... Ba3 20. Rbe2 Bxc1 21. Qxc1 $16 {
[%cal Gc3c4,Gd4d5,Gb5e8]}) 18. Rb2 Bd5 19. Rbe2 $36) 17. Ng5 Bxg5 18. Bxg5 f6
19. Bc4+ Kh8 20. Be3 Na5 21. Be2 b5 $2 (21... Qf7 $5 22. Qh4 Rfe8 23. Rad1 Be6
$132) 22. d5 $1 a6 (22... Qxd5 23. Rad1 (23. Bxa7 Nc4 24. Bd4 Ne5 25. Rad1)
23... Qc6 24. Bd4 {/\25.Bb5 Qb5 26.Re7+-} Kg8 (24... Rde8 25. Bxb5 Qxb5 26. Re7
$18) 25. c4 $1 Nxc4 (25... Rxd4 26. Rxd4 Qc5 27. Bf3 c6 28. g4 $1 Bc8 29. cxb5
$18) 26. Bxc4+ bxc4 (26... Qxc4 27. Bxf6 $18) 27. Re7 Rf7 28. Rxf7 Kxf7 29.
Qxh7+ Ke6 30. Re1+ Kd5 31. Bxa7 $18) (22... Be4 23. Rad1 Bxd5 24. a4 Nc4 (24...
a6 25. Bf3 c6 26. Bb6 $18) 25. axb5 Qxb5 (25... Nxe3 26. Qxe3 Rfe8 27. Qxa7 Qe7
28. Qa1 $16) 26. Bd3 $1 Rf7 27. Bxg6 Rg7 28. Be4 $16) 23. Qf4 (23. Bc5 Rf7 24.
Rad1 Nb7 25. Bd4 {[%cal Gg2g5]} Re8 26. Bf3 Nd6 $16) 23... Nc4 $2 (23... Qxd5
$142 24. Qxc7 Nc4 25. Bd4 Rd7 26. Qg3 $16) 24. Bd4 Qd6 $2 (24... Nb6 25. Bxb6
cxb6 26. g4 Bc2 27. Rac1 Ba4 28. Bf3 $16 {[%csl Ra4]}) 25. Qxd6 Nxd6 26. g4 Bc8
(26... Be4 27. g5 Ne8 28. Bxb5 axb5 29. Rxe4 Rxd5 30. gxf6 Nxf6 31. Re6 Rf5 32.
Rc6 Rf7 33. a4 $1 $16) 27. g5 Ne8 $2 (27... Ne4 28. gxf6 (28. h4 Kg8 29. Bf1 (
29. Bd1 Nd2 30. Bxf6 Rxd5 $14) 29... f5 30. f3 Nd2 31. Bg2 f4 (31... Rxd5 32.
Re2 Nc4 33. f4 Rd7 34. Rae1 Nd6 35. Bd5+ Nf7 36. Bb3 $1 $18) 32. Rad1 Nc4 $132)
28... Nxf6 29. c4 Kg8 30. cxb5 axb5 31. Bxb5 (31. Bxf6 Rxf6 32. Bxb5 Bb7 33.
Re7 Rf7 34. Rxf7 Kxf7 35. Rc1 Bxd5 36. Rxc7+ Kf6 37. a4 Bf3 $132) 31... Nxd5
32. a4 $16) 28. Bf3 Kg8 29. d6 Rxd6 30. Bc5 Rd3 (30... fxg5 31. Bxd6 Nxd6 32.
Bd5+ Kh8 33. Re7 c5 34. Rc7 c4 35. a4 $16 {[%csl Rh8]}) 31. Be4 Rxc3 $2 (31...
Rd2 32. Bxf8 Kxf8 33. Bc6 (33. Rad1 Rxd1 34. Rxd1 Nd6 35. gxf6 Kf7 $14) 33...
Bd7 34. Bxd7 Rxd7 35. h4 $16 (35. Re6 fxg5 36. Rxa6 Nd6 $14)) 32. Bd5+ Kg7 33.
Re7+ Kh8 34. Bd4 (34. Bd4 Rd3 35. Rxe8 Rxe8 36. Bxf6#) 1-0

[Event "Corus"]
[Site "Wijk aan Zee"]
[Date "2005.01.16"]
[Round "2"]
[White "Adams, Michael"]
[Black "Morozevich, Alexander"]
[Result "1-0"]
[WhiteElo "2741"]
[BlackElo "2741"]
[Annotator "Huzman,A"]
[PlyCount "97"]
[EventDate "2005.01.15"]
[EventType "tourn"]
[EventRounds "13"]
[EventCountry "NED"]
[EventCategory "19"]
[SourceTitle "CBM 105"]
[Source "ChessBase"]
[SourceDate "2005.04.11"]
[SourceVersion "1"]
[SourceVersionDate "2005.04.11"]
[SourceQuality "1"]

1. e4 e5 2. Nf3 Nf6 3. Nxe5 d6 4. Nf3 Nxe4 5. d4 d5 6. Bd3 Bd6 7. O-O O-O 8.
Re1 Bf5 9. c4 c6 10. Qb3 Qd7 (10... Na6) 11. Nc3 (11. Be3 dxc4 (11... Na6 $5)
12. Bxc4 Qc7 13. Nc3 Nxc3 14. bxc3 Nd7 $11 {1/2-1/2 Leko,P-Anand,V/Leon 2001/
CBM 84/[Huzman] (20)}) (11. cxd5 cxd5 12. Nc3 Be6 13. Bxe4 dxe4 14. d5 Bxd5 15.
Nxd5 {1/2-1/2 Mikhalchishin-Ionov/Klaipeda YB/11 1988 (15)}) 11... Nxc3 (11...
dxc4 $5 12. Bxc4 (12. Qxc4 Nxc3 13. bxc3 b5 14. Bxf5 Qxf5 15. Qb3 Nd7 $11)
12... Nxc3 13. bxc3 (13. Qxc3 Qc7 14. Ne5 Nd7 15. Bf4 Nb6 16. Bb3 a5 17. a3 a4
18. Ba2 Nd5 19. Qf3 Be6 $11) 13... b5 14. Bf1 Be6 15. c4 $14) 12. Bxf5 Qxf5 13.
bxc3 (13. Qxb7 Qd7 14. Qxd7 (14. Qxa8 Na4 15. c5 Na6 $17) 14... Nxd7 15. bxc3
dxc4 16. Nd2 (16. Rb1 Nb6) (16. Bg5 Nb6 17. Nd2 f6 $11) 16... Rfe8 $11) 13...
b6 14. cxd5 (14. Bg5 f6 15. Be3 Nd7 16. cxd5 Qxd5 17. c4 Qf7 $11) 14... cxd5 (
14... Qxd5 15. c4 Qf5 16. Ba3 Bxa3 17. Qxa3 Nd7 18. Re7 $36) 15. Qb5 (15. Ne5
Nd7 16. Qxd5 Bxe5 17. dxe5 Rfd8 $44 18. Ba3 $140 Nc5 19. Qf3 Qxf3 20. gxf3 Na4
$36) 15... Qd7 $1 16. a4 Rd8 17. g3 (17. Ra2 $5 Nc6 18. Rae2 h6 $11) 17... Bc7
18. Bg5 f6 19. Bd2 Nc6 $11 {Black finished the development of the pieces and
completely egualized the position.} 20. c4 Ne7 21. Rac1 a6 22. Qxd7 (22. Qb3
dxc4 23. Qxc4+ Nd5 $11) (22. Qb4 Re8 $11) 22... Rxd7 23. c5 Kf7 (23... bxc5 24.
dxc5 Nc6 25. Re6 Ne5 26. Nd4 $14) 24. Bb4 (24. c6 Rdd8 25. Bb4 Re8 $11) 24...
bxc5 25. Bxc5 Nf5 26. Rb1 Ba5 27. Re2 h5 28. Rb3 g5 $4 {[%mdl 8192]} 29. Nxg5+
$18 fxg5 30. Rf3 Bd8 31. Rxf5+ Bf6 32. h3 {[%cal Gg3g4]} a5 33. Rb2 {[%cal
Gb2b6]} Ra6 34. Rb5 Ke6 35. Rf3 g4 36. hxg4 hxg4 37. Rf4 {[%csl Rg4]} Rg7 38.
Rb2 Rg5 39. Kg2 Rc6 40. Rb7 Rg6 41. Ra7 Bd8 42. Rf8 Bc7 43. Re8+ Kd7 (43... Kf5
44. Re7 Bd6 45. Bxd6 Rgxd6 46. Rxa5 $18) 44. Re7+ Kc8 45. Ra8+ Kb7 46. Rxa5
Rgf6 47. Ra7+ Kc8 48. Rg7 Rfe6 49. Rg8+ 1-0